Hudobná náuka pre 3. ročník základných umeleckých škôl

Bibliographic Details
Main Authors: Slujková, Viera (Author), Fisla, Roland (Author), Veselovská, Eva, 1974- (Author)
Other Authors: Smetanová, Katarína, 1964- (Illustrator)
Format: Book
Language:Slovak
PhysicalDescription:125 s. fareb. ilustr., noty 30 cm
Published: Bratislava Slovenské pedagogické nakladateľstvo 2008
ISBN:9788010015771
Edition:2. vyd.
Subjects:

MARC

LEADER 00000cam a2200000 a 4500
001 vtls009513887
003 SK-MaSNL
005 20260301171300.0
008 240314s2008 xo al b p 000 0 slo
015 |a SNBA2009/06-02774 
020 |a 9788010015771  |q (brož.) 
035 |a 2E763A06-7F50-419B-8A93-3D6FC44A5845 
035 |a urn:nbn:sk:snk-amkwlh 
035 |a urn:nbn:sk:snk-am008300 
040 |a SNK  |b slo  |c SNK  |e AACR2 
041 0 |a slo 
044 |a xo  |c SK 
072 7 |a 781  |x Hudobná teória  |2 konspekt 
072 7 |a 37.016  |x Učebné osnovy. Vyučovacie predmety. Učebnice  |2 konspekt 
080 |a 781  |2 2001 
080 |a 373/378:7  |2 2001 
080 |a (075.2)  |2 2001 
100 1 |a Slujková, Viera  |4 aut  |9 5740 
245 1 0 |a Hudobná náuka pre 3. ročník základných umeleckých škôl  |c [autori Viera Slujková, Roland Fisla, Eva Korcová ; ilustrácie Katarína Smetanová] 
250 |a 2. vyd. 
260 |a Bratislava  |b Slovenské pedagogické nakladateľstvo  |c 2008 
300 |a 125 s.  |b fareb. ilustr., noty  |c 30 cm 
504 |a Bibliogr. s. 123. Zoz. piesní. Zoz. skladieb 
650 0 7 |a hudobná náuka  |2 SNKPH  |9 4343 
650 0 7 |a umelecké školy  |2 SNKPH  |9 29319 
655 7 |a učebnice základných škôl  |2 SNKPH  |9 70187 
700 1 |a Fisla, Roland  |4 aut  |9 9946 
700 1 |a Veselovská, Eva,  |d 1974-  |4 aut  |9 213790 
700 1 |a Smetanová, Katarína,  |d 1964-  |4 ill  |9 237103 
919 |a 978-80-10-01577-1 
958 |a NB 
968 |d 78 
999 |c 830341  |d 832271 
952 |a SNK  |b SNK  |y PREZ  |7 0  |p 17A0620903  |o snkSB 77763  |i snk2009/8890  |8 0  |0 0  |1 0  |4 0  |d 2009-05-18  |f 1  |l 0  |r 2025-04-28 00:00:00  |w 2026-02-24 
952 |a SNK  |b SNK  |y VYP  |7 0  |p 17A0620905  |o snkSB 77763 D1  |i snk2009/8891  |8 0  |0 0  |1 0  |4 0  |d 2009-05-18  |l 0  |r 2016-06-30 00:00:00  |w 2026-02-24